[Event "Zadar op-A 25th"]
[Site "Zadar"]
[Date "2018.12.20"]
[Round "7"]
[White "Saric, Ibro"]
[Black "Volotovsky, Kirill"]
[Result "1/2-1/2"]
[WhiteElo "2559"]
[BlackElo "2179"]
[PlyCount "104"]
[EventDate "2018.12.15"]
[EventType "swiss"]
[EventRounds "9"]
[EventCountry "CRO"]
[SourceTitle "CBM 187 Extra"]
[Source "ChessBase"]
[SourceDate "2018.11.04"]
[SourceVersion "1"]
[SourceVersionDate "2018.11.04"]
[SourceQuality "1"]

1. d4 Nf6 2. c4 e6 3. Nf3 d5 4. e3 a6 5. b3 c5 6. Bb2 Nc6 7. cxd5 exd5 8. Nc3 Bg4 9. Be2 Bxf3 10. Bxf3 cxd4 11. exd4 Bb4 12. 0-0 Bxc3 13. Bxc3 0-0 14. Qd3 Re8 15. Rae1 Qd7 16. a4 Rxe1 17. Rxe1 Re8 18. Rc1 Qd6 19. g3 h6 20. Kg2 Ne4 21. Re1 f5 22. Bd1 Re6 23. Bb2 Qe7 24. f3 Nb4 25. Qf1 Ng5 26. Re5 Nf7 27. Rxe6 Qxe6 28. Bc3 Nc6 29. Qd3 g6 30. h4 h5 31. Qd2 Kg7 32. Kf2 Qe7 33. Qf4 Nfd8 34. Bd2 Nf7 35. Bc2 Qf6 36. Bc3 Qd6 37. Qd2 Qe7 38. Bd3 Nfd8 39. Qe3 Ne6 40. Bd2 f4 41. Qe1 fxg3+ 42. Kxg3 Qd6+ 43. Kg2 Nexd4 44. Qe3 Nf5 45. Bxf5 gxf5 46. Kh3 d4 47. Qe8 Qg6 48. Qd7+ Qf7 49. Qd6 Qf6 50. Qd7+ Qf7 51. Qd6 Qf6 52. Qd7+ Qf7 1/2-1/2

[Event "Zadar op-A 25th"]
[Site "Zadar"]
[Date "2018.12.16"]
[Round "3"]
[White "Volotovsky, Kirill"]
[Black "Muha, Miljenko"]
[Result "1-0"]
[WhiteElo "2179"]
[BlackElo "2334"]
[PlyCount "127"]
[EventDate "2018.12.15"]
[EventType "swiss"]
[EventRounds "9"]
[EventCountry "CRO"]
[SourceTitle "CBM 187 Extra"]
[Source "ChessBase"]
[SourceDate "2018.11.04"]
[SourceVersion "1"]
[SourceVersionDate "2018.11.04"]
[SourceQuality "1"]

1. Nf3 d5 2. c4 c6 3. g3 Nf6 4. Bg2 Bg4 5. Ne5 Be6 6. cxd5 Bxd5 7. Nf3 c5 8. Nc3 Bc6 9. d3 e6 10. 0-0 Be7 11. e4 0-0 12. Qe2 Be8 13. Rd1 Nc6 14. Bf4 Nd4 15. Qd2 Bc6 16. Rac1 Nd7 17. Be3 e5 18. Ne2 a5 19. Ne1 Kh8 20. f4 f5 21. fxe5 Nxe5 22. Nxd4 cxd4 23. Bf4 Ng4 24. exf5 Ne3 25. Bxe3 dxe3 26. Qe2 Rxf5 27. Bxc6 bxc6 28. Ng2 Bg5 29. Qg4 Qd5 30. Rc2 Raf8 31. h4 Rf2 32. Rxf2 exf2+ 33. Kf1 Bh6 34. b3 Qe5 35. d4 Qd6 36. Rd3 Qd5 37. Qe2 Kg8 38. Rd1 Qd6 39. Qe5 Qd7 40. d5 Re8 41. Qd4 Qh3 42. dxc6 Rf8 43. Qd5+ Kh8 44. Ke2 Qxg3 45. Qe4 Qb8 46. Kf1 Qb5+ 47. Rd3 Qc5 48. Rf3 Qc1+ 49. Kxf2 Qc5+ 50. Kg3 Qd6+ 51. Kh3 Rxf3+ 52. Qxf3 Kg8 53. Qe4 Kf8 54. Qc4 Qc7 55. Qe6 Bd2 56. Qf5+ Ke8 57. Qh5+ Kf8 58. Qf3+ Ke8 59. Qe2+ Kf7 60. Qxd2 Qxc6 61. Qxa5 Qe6+ 62. Kg3 Qd6+ 63. Nf4 Kf8 64. Qc5 1-0

[Event "Pardubice Czech op-A 29th"]
[Site "Pardubice"]
[Date "2018.07.25"]
[Round "6"]
[White "Volotovsky, Kirill"]
[Black "Grekh, Andrey"]
[Result "0-1"]
[WhiteElo "2214"]
[BlackElo "2400"]
[PlyCount "62"]
[EventDate "2018.07.20"]
[EventType "swiss"]
[EventRounds "9"]
[EventCountry "CZE"]
[SourceTitle "CBM 185 Extra"]
[Source "ChessBase"]
[SourceDate "2018.07.29"]
[SourceVersion "1"]
[SourceVersionDate "2018.07.29"]
[SourceQuality "1"]

1. e4 c5 2. Nf3 Nc6 3. d4 cxd4 4. Nxd4 Qb6 5. Nb3 Nf6 6. Nc3 e6 7. g3 Bb4 8. Bg2 0-0 9. 0-0 a6 10. Bg5 Be7 11. Be3 Qc7 12. f4 d6 13. a4 b6 14. g4 Nd7 15. g5 Rd8 16. Qe2 Na5 17. Nxa5 bxa5 18. Rad1 Rb8 19. Bd4 Rb4 20. Kh1 Bb7 21. Qf2 Bf8 22. b3 Ba8 23. Rd3 g6 24. Rh3 Bg7 25. Bxg7 Kxg7 26. Na2 Rxe4 27. Bxe4 Bxe4+ 28. Kg1 Ba8 29. Rc3 Qb7 30. Qg3 Nc5 31. Rd1 Qh1+ 0-1

[Event "Mukachevo Summer op"]
[Site "Mukachevo"]
[Date "2018.07.08"]
[Round "9"]
[White "Khaetsky, Roman"]
[Black "Volotovsky, Kirill"]
[Result "1/2-1/2"]
[WhiteElo "2381"]
[BlackElo "2214"]
[PlyCount "105"]
[EventDate "2018.07.03"]
[EventType "swiss"]
[EventRounds "9"]
[EventCountry "UKR"]
[SourceTitle "CBM 185 Extra"]
[Source "ChessBase"]
[SourceDate "2018.07.29"]
[SourceVersion "1"]
[SourceVersionDate "2018.07.29"]
[SourceQuality "1"]

1. e4 c5 2. Nf3 Nc6 3. Nc3 e6 4. d4 cxd4 5. Nxd4 Qc7 6. Nxc6 bxc6 7. Bd3 Nf6 8. 0-0 d5 9. Qe2 Be7 10. Bd2 0-0 11. Rae1 Re8 12. Kh1 Nd7 13. f4 Nc5 14. exd5 Nxd3 15. Qxd3 exd5 16. f5 Bd7 17. Bf4 Bd6 18. Bxd6 Qxd6 19. Ne2 f6 20. Nd4 Qb4 21. c3 Qxb2 22. Rb1 Qa3 23. Qg3 Qa6 24. Qd6 Rad8 25. Rfe1 Qc8 26. h3 c5 27. Qxd5+ Be6 28. Qb7 cxd4 29. fxe6 Rxe6 30. Qb3 Rde8 31. cxd4 h6 32. Rxe6 Qxe6 33. d5 Qd6 34. Qb5 Rd8 35. Rd1 Kh8 36. Qb7 Rd7 37. Qc8+ Rd8 38. Qc4 f5 39. Qd4 Rd7 40. Qd3 f4 41. Qf5 Rd8 42. Re1 Rf8 43. Qe6 Rd8 44. Qxd6 Rxd6 45. Re7 Rxd5 46. Rxa7 Rd2 47. h4 Kh7 48. a4 Rd4 49. Kg1 Kg6 50. a5 Ra4 51. Kf2 Ra3 52. a6 Kh5 53. Rxg7 1/2-1/2

[Event "Voronezh op-A 22nd"]
[Site "Voronezh"]
[Date "2018.06.15"]
[Round "4"]
[White "Volotovsky, Kirill"]
[Black "Maltsevskaya, Aleksandra"]
[Result "1-0"]
[WhiteElo "2159"]
[BlackElo "2279"]
[PlyCount "94"]
[EventDate "2018.06.12"]
[EventType "swiss"]
[EventRounds "9"]
[EventCountry "RUS"]
[SourceTitle "CBM 185 Extra"]
[Source "ChessBase"]
[SourceDate "2018.07.29"]
[SourceVersion "1"]
[SourceVersionDate "2018.07.29"]
[SourceQuality "1"]

1. e4 c6 2. d4 d5 3. e5 Bf5 4. h4 h5 5. Bd3 Bxd3 6. Qxd3 e6 7. Bg5 Qa5+ 8. Nd2 Qa6 9. c4 Ne7 10. Ngf3 Nf5 11. Qc3 Nd7 12. 0-0 Be7 13. Bxe7 Nxe7 14. a4 0-0 15. a5 dxc4 16. Nxc4 Nd5 17. Qc2 c5 18. Ng5 g6 19. Nd6 cxd4 20. Qe4 Nc5 21. Qxd4 Nb3 22. Qe4 Nd2 23. Qc2 Nxf1 24. Nxe6 Nd2 25. Nxf8 Qe2 26. Qc5 Nf3+ 27. gxf3 Qxf3 28. Qa3 Qg4+ 29. Qg3 Rxf8 30. Qxg4 hxg4 31. Rd1 Nb4 32. Nxb7 Nc6 33. e6 fxe6 34. Rd6 Ne5 35. Rxe6 Nf3+ 36. Kg2 Kg7 37. Ra6 Ne1+ 38. Kg3 Kh6 39. Kxg4 Rxf2 40. Rxa7 Rf7 41. a6 Nd3 42. Ra8 Rf4+ 43. Kg3 Ra4 44. a7 Kh7 45. Nd6 Ne5 46. Re8 Rxa7 47. Rxe5 Rd7 1-0

[Event "UKR-ch U16"]
[Site "Vinnytsia"]
[Date "2018.03.08"]
[Round "2"]
[White "Lisnyak, Vladislav"]
[Black "Volotovsky, Kirill"]
[Result "1/2-1/2"]
[WhiteElo "2177"]
[BlackElo "2055"]
[PlyCount "126"]
[EventDate "2018.03.07"]
[EventType "tourn"]
[EventRounds "11"]
[EventCountry "UKR"]
[SourceTitle "CBM 183 Extra"]
[Source "ChessBase"]
[SourceDate "2018.04.19"]
[SourceVersion "1"]
[SourceVersionDate "2018.04.19"]
[SourceQuality "1"]

1. e4 e5 2. Nf3 Nc6 3. Bb5 a6 4. Ba4 Nf6 5. 0-0 b5 6. Bb3 Bb7 7. d3 Be7 8. Nc3 0-0 9. a4 Nd4 10. Nxd4 exd4 11. Nd5 Nxd5 12. exd5 Bd6 13. Qg4 Qf6 14. Bd2 Rae8 15. axb5 axb5 16. Rae1 Re5 17. Rxe5 Qxe5 18. f4 Qe7 19. f5 Be5 20. Bg5 Qd6 21. f6 Bxh2+ 22. Kh1 Be5 23. Qf5 Bxf6 24. Bxf6 Qxf6 25. Qxf6 gxf6 26. Rxf6 d6 27. Rf4 Re8 28. Rxd4 Re5 29. Kh2 Kg7 30. Rb4 Rh5+ 31. Kg1 Ba6 32. Kf2 Rg5 33. Kf3 h5 34. Re4 Kf6 35. c4 Re5 36. g3 Rxe4 37. Kxe4 Kg5 38. Kf3 Kf5 39. Ba2 Ke5 40. Ke3 Bc8 41. b4 Kf5 42. Kf3 Kg5 43. c5 Bg4+ 44. Ke3 Bd1 45. Bb1 Kg4 46. Kf2 Bb3 47. d4 dxc5 48. d6 cxd6 49. dxc5 dxc5 50. bxc5 Bd5 51. Bd3 b4 52. Be2+ Kg5 53. Ke3 b3 54. Kd2 f5 55. Kc3 h4 56. gxh4+ Kxh4 57. Bd1 f4 58. Bxb3 Bxb3 59. Kxb3 f3 60. c6 f2 61. c7 f1Q 62. c8Q Qb1+ 63. Ka4 Qa2+ 1/2-1/2

[Event "UKR-ch U20"]
[Site "Mykolaiv"]
[Date "2018.02.23"]
[Round "3"]
[White "Osmak, Iulija"]
[Black "Volotovsky, Kirill"]
[Result "1-0"]
[WhiteElo "2375"]
[BlackElo "2055"]
[PlyCount "91"]
[EventDate "2018.02.21"]
[EventType "swiss"]
[EventRounds "9"]
[EventCountry "UKR"]
[SourceTitle "CBM 183 Extra"]
[Source "ChessBase"]
[SourceDate "2018.04.19"]
[SourceVersion "1"]
[SourceVersionDate "2018.04.19"]
[SourceQuality "1"]

1. d4 Nf6 2. c4 e6 3. Nc3 Bb4 4. f3 0-0 5. a3 Bxc3+ 6. bxc3 d6 7. e4 e5 8. Bd3 Nh5 9. Ne2 Qh4+ 10. g3 Qh3 11. Kf2 Nc6 12. Be3 b6 13. Qd2 Qd7 14. g4 Nf6 15. Ng3 Na5 16. Qe2 Qa4 17. c5 bxc5 18. dxe5 Nd7 19. exd6 cxd6 20. Bb5 Qb3 21. Nf5 Ne5 22. Rab1 Qe6 23. Rhd1 Nec4 24. Rd5 Rb8 25. Nxg7 Qg6 26. Nf5 Kh8 27. Qd3 Bxf5 28. exf5 Qf6 29. Bf4 Ne5 30. Qd1 Rfd8 31. Be2 Rxb1 32. Qxb1 Nac6 33. Qc1 Qh4+ 34. Kg2 Qe7 35. Qd2 Kg8 36. Bb5 Qb7 37. Bxe5 Qxb5 38. Bf6 Rb8 39. Qg5+ Kf8 40. Qg7+ Ke8 41. Rxd6 Qe2+ 42. Kg3 Qe1+ 43. Kh3 Qf1+ 44. Kh4 Qf2+ 45. Kg5 h6+ 46. Qxh6 1-0

[Event "Wch U14"]
[Site "Montevideo"]
[Date "2017.09.26"]
[Round "11"]
[White "Volotovsky, Kirill"]
[Black "Budisavljevic, Luka"]
[Result "1/2-1/2"]
[WhiteElo "2161"]
[BlackElo "2272"]
[PlyCount "76"]
[EventDate "2017.09.17"]
[EventType "swiss"]
[EventRounds "11"]
[EventCountry "URU"]
[SourceTitle "EXT 2018"]
[Source "ChessBase"]
[SourceDate "2017.10.13"]
[SourceVersion "1"]
[SourceVersionDate "2017.10.13"]
[SourceQuality "1"]

1. e4 c5 2. Nf3 e6 3. d4 cxd4 4. Nxd4 Nc6 5. Nxc6 bxc6 6. Bd3 Nf6 7. 0-0 d5 8. Nd2 Be7 9. Qe2 0-0 10. c4 a5 11. b3 Ba6 12. Bb2 a4 13. Rac1 Qb6 14. Rc2 Rfd8 15. Kh1 Rd7 16. e5 Ne8 17. f4 g6 18. f5 axb3 19. fxg6 fxg6 20. axb3 Ng7 21. cxd5 Bxd3 22. Qxd3 Rxd5 23. Qe2 Nf5 24. Ne4 Qe3 25. g4 Qxe2 26. Rxe2 Nd4 27. Bxd4 Rxd4 28. g5 Rd5 29. Nf6+ Bxf6 30. gxf6 Raa5 31. Rfe1 Kf7 32. Kg2 h6 33. Re3 Rdb5 34. R1e2 Rd5 35. Kf2 Rdb5 36. Kg2 g5 37. h3 Rd5 38. Kg3 h5 1/2-1/2

[Event "Wch U14"]
[Site "Montevideo"]
[Date "2017.09.22"]
[Round "6"]
[White "Filgueiras, Nathan Felipe"]
[Black "Volotovsky, Kirill"]
[Result "1-0"]
[WhiteElo "2049"]
[BlackElo "2161"]
[PlyCount "127"]
[EventDate "2017.09.17"]
[EventType "swiss"]
[EventRounds "11"]
[EventCountry "URU"]
[SourceTitle "CBM 180 Extra"]
[Source "ChessBase"]
[SourceDate "2017.10.06"]
[SourceVersion "1"]
[SourceVersionDate "2017.10.06"]
[SourceQuality "1"]

1. e4 c5 2. Nf3 Nc6 3. d4 cxd4 4. Nxd4 e5 5. Nb5 a6 6. Nd6+ Bxd6 7. Qxd6 Qe7 8. Qd1 Nf6 9. Nc3 h6 10. Nd5 Nxd5 11. exd5 Qb4+ 12. c3 Qe4+ 13. Be2 Ne7 14. d6 Nf5 15. 0-0 Qc6 16. Bf3 Qxd6 17. Qxd6 Nxd6 18. Re1 f6 19. b3 Nb5 20. a4 Nc7 21. Ba3 Kf7 22. Bd6 Ne8 23. Rad1 Nxd6 24. Rxd6 Re8 25. Red1 Re7 26. a5 Ke8 27. c4 Rb8 28. c5 Kd8 29. b4 Kc7 30. Be4 Re6 31. h4 Re7 32. h5 Kd8 33. Kh2 Ke8 34. Kg3 Re6 35. f3 Kf8 36. Bf5 Re7 37. Rb6 Kf7 38. Rdd6 Ra8 39. Be4 Ra7 40. Kf2 Ke8 41. Kg3 Kf7 42. Kg4 Kg8 43. Kf5 Kh7 44. Bc2 Ra8 45. Ke4 Ra7 46. g4 Ra8 47. Kd5+ Kg8 48. Kc4 Kf8 49. Bf5 Ke8 50. Be4 Ra7 51. Bg6+ Kd8 52. Kd3 Re6 53. Ke4 Ke7 54. Bf5 Ke8 55. Bxe6 dxe6 56. Rxe6+ Bxe6 57. Rxe6+ Kd7 58. Rb6 Kc7 59. Kf5 Ra8 60. Kg6 Re8 61. Kf7 Rd8 62. Rd6 Rxd6 63. cxd6+ Kxd6 64. Kxg7 1-0

[Event "Pardubice Czech op-A 28th"]
[Site "Pardubice"]
[Date "2017.07.21"]
[Round "1"]
[White "Volotovsky, Kirill"]
[Black "Sochacki, Wojtek"]
[Result "1/2-1/2"]
[WhiteElo "2136"]
[BlackElo "2350"]
[PlyCount "65"]
[EventDate "2017.07.21"]
[EventType "swiss"]
[EventRounds "9"]
[EventCountry "CZE"]
[SourceTitle "CBM 179 Extra"]
[Source "ChessBase"]
[SourceDate "2017.08.23"]
[SourceVersion "1"]
[SourceVersionDate "2017.08.23"]
[SourceQuality "1"]

1. e4 e6 2. d4 d5 3. Nd2 h6 4. Ngf3 Nf6 5. e5 Nfd7 6. c4 Be7 7. Bd3 0-0 8. 0-0 c5 9. Bb1 Re8 10. Nb3 dxc4 11. Qc2 Nf8 12. Nxc5 Nbd7 13. Qxc4 Qc7 14. Qa4 Rd8 15. Ne4 Nb8 16. Qc2 Qxc2 17. Bxc2 Nc6 18. Be3 b6 19. Nc3 Ba6 20. Rfd1 Bb4 21. Be4 Bxc3 22. bxc3 Rac8 23. Rac1 Na5 24. Nd2 Nc4 25. Nxc4 Bxc4 26. Rd2 Ng6 27. Bxg6 fxg6 28. Rb2 Rd5 29. a3 Kf7 30. Rb4 Ra5 31. Ra1 Ke7 32. f3 Rc6 33. Kf2 1/2-1/2

[Event "Pardubice op rapid 28th"]
[Site "Pardubice"]
[Date "2017.07.19"]
[Round "1"]
[White "Volotovsky, Kirill"]
[Black "Tokranovs, Dmitrijs"]
[Result "0-1"]
[WhiteElo "2136"]
[BlackElo "2325"]
[PlyCount "124"]
[EventDate "2017.07.19"]
[EventType "swiss (rapid)"]
[EventRounds "9"]
[EventCountry "CZE"]
[SourceTitle "CBM 179 Extra"]
[Source "ChessBase"]
[SourceDate "2017.08.23"]
[SourceVersion "1"]
[SourceVersionDate "2017.08.23"]
[SourceQuality "1"]

1. e4 d5 2. exd5 Nf6 3. Bb5+ Bd7 4. Bc4 Bg4 5. f3 Bc8 6. Nc3 Nbd7 7. Nge2 Nb6 8. Bb3 Nbxd5 9. Nxd5 Nxd5 10. d4 e6 11. 0-0 Be7 12. c4 Nf6 13. Be3 0-0 14. Rc1 b6 15. Qd3 Ba6 16. Rfd1 Qd7 17. Qc2 Bb7 18. Nf4 Rfd8 19. d5 e5 20. Ne2 c6 21. Ba4 Qc7 22. dxc6 Bxc6 23. Bxc6 Qxc6 24. Ng3 g6 25. b3 Rac8 26. Rxd8+ Rxd8 27. Rd1 Rc8 28. Qd3 Kg7 29. Kf1 h5 30. Bg5 Qe6 31. Bxf6+ Bxf6 32. Qd7 Rc6 33. Qxe6 Rxe6 34. Rd7 a5 35. a4 Be7 36. Ne4 g5 37. h3 h4 38. Ke2 Kg6 39. Nc3 f5 40. Nd5 Bc5 41. Nc7 Rc6 42. Kd3 Rf6 43. Nd5 Re6 44. Nc7 e4+ 45. Kd2 Re5 46. Nd5 exf3 47. gxf3 Re8 48. Rc7 g4 49. fxg4 fxg4 50. hxg4 Rf8 51. Rc6+ Kg5 52. Re6 h3 53. Re5+ Kxg4 54. Re6 Rh8 55. Re4+ Kf3 56. Rf4+ Kg3 57. Ke2 h2 58. Rf3+ Kg4 59. Nf6+ Kg5 60. Ne4+ Kg6 61. Rg3+ Kf5 62. Rg2 Kxe4 0-1

[Event "Mukachevo Summer op"]
[Site "Mukachevo"]
[Date "2017.07.05"]
[Round "3"]
[White "Volotovsky, Kirill"]
[Black "Zubarev, Alexander2"]
[Result "0-1"]
[WhiteElo "2136"]
[BlackElo "2506"]
[PlyCount "60"]
[EventDate "2017.07.04"]
[EventType "swiss"]
[EventRounds "9"]
[EventCountry "UKR"]
[SourceTitle "CBM 179 Extra"]
[Source "ChessBase"]
[SourceDate "2017.08.23"]
[SourceVersion "1"]
[SourceVersionDate "2017.08.23"]
[SourceQuality "1"]

1. e4 c5 2. Nf3 e6 3. d4 cxd4 4. Nxd4 a6 5. Nc3 b5 6. a3 Bb7 7. Be3 d6 8. g3 Nd7 9. Bg2 Rc8 10. 0-0 Ngf6 11. Qe2 Ne5 12. Rad1 Qc7 13. f4 Nc4 14. Bc1 Be7 15. Rd3 0-0 16. g4 d5 17. e5 Nd7 18. Kh1 Qb6 19. g5 g6 20. b3 Nxa3 21. f5 Rxc3 22. Rxc3 Qxd4 23. Rc7 Bc8 24. fxe6 fxe6 25. Rxf8+ Nxf8 26. Rxc8 Qb6 27. Bh3 b4 28. Be3 d4 29. Bxd4 Qb7+ 30. Kg1 Qxc8 0-1

[Event "UKR-ch U14"]
[Site "Chernivtsi"]
[Date "2017.02.05"]
[Round "6"]
[White "Larkin, Vladislav"]
[Black "Volotovsky, Kirill"]
[Result "1/2-1/2"]
[WhiteElo "2069"]
[BlackElo "2022"]
[PlyCount "71"]
[EventDate "2017.02.01"]
[EventType "tourn"]
[EventRounds "11"]
[EventCountry "UKR"]
[SourceTitle "CBM 176 Extra"]
[Source "ChessBase"]
[SourceDate "2017.03.02"]
[SourceVersion "1"]
[SourceVersionDate "2017.03.02"]
[SourceQuality "1"]

1. Nf3 Nf6 2. c4 e6 3. Nc3 c5 4. g3 b6 5. Bg2 Bb7 6. 0-0 Be7 7. d4 cxd4 8. Nxd4 Bxg2 9. Kxg2 0-0 10. e4 Qc7 11. Qe2 d6 12. Ndb5 Qc6 13. Rd1 a6 14. Nd4 Qb7 15. f3 Nbd7 16. Be3 Rac8 17. Rac1 Rc7 18. b3 Rfc8 19. Na4 g6 20. Nb2 e5 21. Nc2 b5 22. Bg5 Bf8 23. Bxf6 Nxf6 24. Ne3 bxc4 25. Nbxc4 Rc5 26. Rc3 a5 27. Rcd3 a4 28. Nxd6 Bxd6 29. Rxd6 axb3 30. axb3 Kg7 31. R6d3 Rc3 32. Nd5 Rxb3 33. Rxb3 Qxb3 34. Nxf6 Kxf6 35. Qa6+ Kg7 36. Qxc8 1/2-1/2

[Event "UKR-ch U14"]
[Site "Vinnytsia"]
[Date "2016.04.06"]
[Round "1"]
[White "Sokolov, Yehor"]
[Black "Volotovsky, Kirill"]
[Result "0-1"]
[WhiteElo "1980"]
[BlackElo "2178"]
[PlyCount "84"]
[EventDate "2016.04.06"]
[EventType "tourn"]
[EventRounds "11"]
[EventCountry "UKR"]
[SourceTitle "CBM 171 Extra"]
[Source "ChessBase"]
[SourceDate "2016.04.26"]
[SourceVersion "1"]
[SourceVersionDate "2016.04.26"]
[SourceQuality "1"]

1. e4 c5 2. Nf3 Nc6 3. Bb5 e6 4. Bxc6 bxc6 5. d3 d5 6. Nbd2 Nf6 7. e5 Nd7 8. 0-0 Be7 9. Re1 0-0 10. c4 Qc7 11. b3 f6 12. Bb2 f5 13. Qe2 Rf7 14. Rac1 Nf8 15. d4 Ba6 16. Qe3 cxd4 17. Nxd4 c5 18. Nxe6 Nxe6 19. cxd5 Bg5 20. dxe6 Bxe3 21. exf7+ Qxf7 22. Rxe3 Rd8 23. Nf3 Bb7 24. Rce1 Qe6 25. Ng5 Qg6 26. Nf3 Be4 27. Bc3 Rd5 28. g3 Rd8 29. Nd2 Bd5 30. Nf3 f4 31. Nh4 Qg4 32. Rd3 Qe6 33. Red1 Rd7 34. Ng2 g5 35. gxf4 Bxg2 36. Rxd7 Bc6 37. Rd8+ Kf7 38. R1d6 Qg4+ 39. Kf1 Bb5+ 40. Rd3 Qd1+ 41. Kg2 Bxd3 42. Rd7+ Ke8 0-1

[Event "EU-ch U12 25th"]
[Site "Porec"]
[Date "2015.09.29"]
[Round "8"]
[White "Volotovsky, Kirill"]
[Black "Bjerre, Jonas Buhl"]
[Result "0-1"]
[WhiteElo "2021"]
[BlackElo "2193"]
[PlyCount "88"]
[EventDate "2015.09.21"]
[EventType "swiss"]
[EventRounds "9"]
[EventCountry "CRO"]
[SourceTitle "EXT 2016"]
[Source "ChessBase"]
[SourceDate "2015.10.08"]
[SourceVersion "1"]
[SourceVersionDate "2015.10.08"]
[SourceQuality "1"]

1. e4 c5 2. Nf3 e6 3. d4 cxd4 4. Nxd4 Nc6 5. Nc3 Qc7 6. Be3 a6 7. Qd2 Nf6 8. 0-0-0 Be7 9. f3 0-0 10. g4 b5 11. g5 Nh5 12. Nce2 Rd8 13. Ng3 Nxd4 14. Qxd4 Nf4 15. h4 Bb7 16. Qb6 Qb8 17. Kb1 d5 18. Bxf4 Qxf4 19. Qxb7 Bc5 20. Ne2 Qd6 21. Nd4 Bxd4 22. Rxd4 Rdb8 23. Rxd5 Qg3 24. Qd7 exd5 25. Bd3 Rd8 26. Qf5 g6 27. Qf6 Rd6 28. Qe7 dxe4 29. Bxe4 Qxh4 30. Rc1 Rad8 31. a3 h6 32. Rg1 Qh2 33. Rc1 Qf4 34. Rg1 h5 35. Ka2 Rd1 36. Rxd1 Rxd1 37. Qb7 Rd6 38. Qc7 h4 39. b3 Kh7 40. Bd5 Rf6 41. Qd8 Rf5 42. Qd7 Qd2 43. Be6 Qxd7 44. Bxd7 h3 0-1